Постановление ГКО СССР № 2712 с о мерах обеспечения нормальной работы электростанций Златоустовского металлургического завода На...

RUSMARC
00005157cbm0a2200313#x 450
001e31c8379-6979-4d76-9f6d-8f22a5018159
00520250806104926.0
100##$a20240813j19430107k###0rusy50 ca
1010#$arus
102##$aRU
105##$ay###z########
1220#$ad19430107##
2001#$aПостановление ГКО СССР № 2712 с о мерах обеспечения нормальной работы электростанций Златоустовского металлургического завода Наркомата черной металлургии, с приложением графиков, ведомости оборудования и докладных записок Егорова А. [Н.] Молотову В. М., Гафарова А. С. Маленкову Г. М.
$j7 января 1943 г.
251##$cДокумент
300##$aРассылочный и подлинный экземпляры
461#0$12001
$aФ. 644
$1251
$cФонд
$1852
$j644
462#0$12001
$aОп. 1
$1251
$cОпись
$1852
$j1
60101$2nlr_sh
$3RU\NLR\AUTH\661357733
$aСССР
$bГосударственный Комитет Обороны
$xИстория
$jДокументы и материалы
605##$2acquisition_Prlib
$3LIBNET\UAF\0000088514
$aВторая мировая война в архивных документах (Комплекс оцифрованных архивных документов, кино- и фотоматериалов)
$lколлекция
605##$2acquisition_Prlib
$3DITM\AF\0000002775
$aВласть
$lколлекция
605##$aЧелябинская область: страницы истории
$lколлекция
$2acquisition_Prlib
$3LIBNET\UAF\0000022509
6061#$2prlib_sh
$3LIBNET\UAF\0000111015
$aВоенная промышленность
$xИстория
$yСССР
$z1941 – 1945
$jДокументы и материалы
686##$a63.3(2)622-3ю11
$vLBC/M
$2rubbk
686##$a63.3(2)622,12ю1
$2rubbk
$vLBC/M
686##$a65.305.04ю1
$vLBC/M
$2rubbk
801#0$aRU
$bПБ им. Б.Н. Ельцина
$c20240813
801#1$aRU
$bПБ им. Б.Н. Ельцина
$c20240813
$2rusmarc
801#2$aRU
$bПБ им. Б.Н. Ельцина
$c20240819
$2rusmarc
850##$aРоссийский государственный архив социально-политической истории
852##$aРГАСПИ
$jД. 79. Л. 19-23; Оп. 2. Д. 122. Л. 155-162
035##$aLIBNET\0001416185
937##$d193471677
$hФедеральное архивное агентство
8564#$uhttp://readingroom.main.prlib.ru/item.aspx?id_node=n193471677&mode=full
Формат отображения